Statistics for UK Monarchs Quiz

Click here to take the quiz!

General Stats

  • This quiz has been taken 83 times
  • The average score is 48 of 64

Answer Stats

DatesMonarch% Correct
17 November 1558 – 24 March 1603Elizabeth I
100%
6 February 1952 – 8 September 2022Elizabeth II
100%
27 March 1625 – 30 January 1649Charles I
97%
29 May 1660 – 6 February 1685Charles II
97%
8 September 2022 – presentCharles III
97%
20 November 1272 – 7 July 1307Edward I
97%
8 July 1307 – 20 January 1327Edward II
97%
25 January 1327 – 21 June 1377Edward III
97%
11 April 1471 – 9 April 1483Edward IV
97%
4 March 1461 – 3 October 1470Edward IV
97%
8 June 1042 – 5 January 1066Edward the Confessor
97%
26 October 899 – 17 July 924Edward the Elder
97%
8 July 975 – 18 March 978Edward the Martyr
97%
9 April 1483 – 25 June 1483Edward V
97%
28 January 1547 – 6 July 1553Edward VI
97%
22 January 1901 – 6 May 1910Edward VII
97%
20 January 1936 – 11 December 1936Edward VIII
97%
1 August 1714 – 11 June 1727George I
97%
11 June 1727 – 25 October 1760George II
97%
25 October 1760 – 29 January 1820George III
97%
29 January 1820 – 26 June 1830George IV
97%
6 May 1910 – 20 January 1936George V
97%
11 December 1936 – 6 February 1952George VI
97%
25 December 1066 – 9 September 1087William I
97%
26 September 1087 – 2 August 1100William II
97%
13 February 1689 – 8 March 1702William III
97%
26 June 1830 – 20 June 1837William IV
97%
5 August 1100 – 1 December 1135Henry I
92%
19 December 1154 – 6 July 1189Henry II
92%
28 October 1216 – 16 November 1272Henry III
92%
30 September 1399 – 20 March 1413Henry IV
92%
21 March 1413 – 31 August 1422Henry V
92%
1 September 1422 – 4 March 1461Henry VI
92%
3 October 1470 – 11 April 1471Henry VI
92%
22 August 1485 – 21 April 1509Henry VII
92%
22 April 1509 – 28 January 1547Henry VIII
92%
19 July 1553 – 17 November 1558Mary I
89%
13 February 1689 – 28 December 1694Mary II
89%
20 June 1837 – 22 January 1901Victoria
89%
24 March 1603 – 27 March 1625James I
86%
6 February 1685 – 23 December 1688James II
86%
3 September 1658 – 7 May 1659Richard Cromwell
86%
3 September 1189 – 6 April 1199Richard I
80%
22 June 1377 – 29 September 1399Richard II
80%
26 June 1483 – 22 August 1485Richard III
80%
27 May 1199 – 19 October 1216John
77%
8 March 1702 – 1 August 1714Anne
70%
12 November 1035 – 17 March 1040Harold Harefoot
61%
6 January 1066 – 14 October 1066Harold II
61%
16 December 1653 – 3 September 1658Oliver Cromwell
56%
22 December 1135 – 25 October 1154Stephen
56%
886 – 26 October 899Alfred
42%
25 July 1554 – 17 November 1558Philip
27%
1 October 959 – 8 July 975Edgar the Peaceful
23%
27 October 939 – 26 May 946Edmund I
20%
23 April 1016 – 30 November 1016Edmund Ironside
20%
18 October 1016 – 12 November 1035Cnut
17%
18 March 978 – 1013Æthelred the Unready
14%
3 February 1014 – 23 April 1016Æthelred the Unready
14%
927 – 27 October 939Æthelstan
14%
25 December 1013 – 3 February 1014Sweyn
13%
23 November 955 – 1 October 959Eadwig
9%
26 May 946 – 23 November 955Eadred
8%
17 March 1040 – 8 June 1042Harthacnut
6%

Score Distribution

Percentile by Number Answered

Percent of People with Each Score

Your Score History

You have not taken this quiz